| 000 | 00693cam a22002531 4500 | ||
|---|---|---|---|
| 001 | ne 65001415 | ||
| 003 | DLC | ||
| 005 | 20260227111815.0 | ||
| 008 | 890331s1964 xx abc 000 0 ara | ||
| 010 | _ane 65001415 | ||
| 035 | _a(OCoLC)23503896 | ||
| 040 |
_aDLC _cMiU _dDLC |
||
| 042 | _apremarc | ||
| 043 | _af-ua--- | ||
| 050 | 0 | 0 |
_aDT70 _b.H22 |
| 100 | 2 |
_aḤāfiẓ Ibrāhīm, Muḥammad, _d1872?-1932. |
|
| 245 | 1 | 0 | _aLayālī, Saṭīḥ. |
| 260 | _c1964. | ||
| 300 |
_a171, 90 p. _billus., maps (2 fold.) ports. _c24 cm. |
||
| 500 | _aRomanized. | ||
| 651 | 0 |
_aEgypt _xCivilization |
|
| 700 | 1 |
_aṢidqī, ʻabd al-Raḥmān, _eed. |
|
| 830 | 0 |
_aMaktabah al-ʻArabīyah ; _v9. |
|
| 999 |
_c48250 _d48250 |
||